Financovanie inovačných aktivít MSP diplomová práca

Enregistré dans:
Détails bibliographiques
Auteur principal: Rošková, Lucia
Collectivité auteur: Podnikovohospodárska fakulta EU so sídlom v Košiciach. Katedra účtovníctva a financií
Autres auteurs: Bobáková, Viktória
Format: Livre
Langue:slovaque
Publié: Košice 2009
Tags: Ajouter un tag
Pas de tags, Soyez le premier à ajouter un tag!

MARC

LEADER 00000nam$a2200000$$$4500
001 0098703
005 20240320074939.9
041 0 |a slo 
044 |a SK 
245 1 0 |a Financovanie inovačných aktivít MSP  |b diplomová práca  |c Lucia Rošková ; škol. Viktória Bobáková 
264 1 |a Košice  |c 2009 
300 |a 60 s. 
100 1 |a Rošková, Lucia 
700 1 |a Bobáková, Viktória 
710 2 |a Podnikovohospodárska fakulta EU so sídlom v Košiciach. Katedra účtovníctva a financií